000 00616nam a22002297a 4500
003 OSt
005 20140310181717.0
008 130213t xxu||||| |||| 00| 0 eng d
020 _a0746001991
050 _aGV 837.2
_b.B927 1988
082 _aTR 797.2107
_bB85 1988
100 _aBudworth, Geoffrey
_91572
245 _aTeach your child to swim
_cBudworth, Geoffrey
260 _aLondon
_bUsborne Publishing
_cc1992
300 _a64 p. : col. ill.
_c24 cm.
521 _aFaculty
526 _c1210L-1700L
541 _j1
562 _e1
650 _2Swimming for children.
942 _2lcc
_cBK-TR
_kTR
999 _c1844
_d1844